UBT Library

Tema nga bibliotekaria / (Record no. 76)

000 -LEADER
fixed length control field 00529nam a22002057a 4500
008 - FIXED-LENGTH DATA ELEMENTS--GENERAL INFORMATION
fixed length control field 131009b xxu||||| |||| 00| 0 alb d
020 ## - INTERNATIONAL STANDARD BOOK NUMBER
International Standard Book Number 9951040187
041 0# - LANGUAGE CODE
Language code of text/sound track or separate title alb
080 ## - UNIVERSAL DECIMAL CLASSIFICATION NUMBER
Universal Decimal Classification number 02:008
Common auxiliary subdivision (091)
100 ## - Rafti
Rafti Foniqi, Tahir
245 10 - TITLE STATEMENT
Title Tema nga bibliotekaria /
Statement of responsibility, etc Tahir Foniqi.
260 ## -
-- Prishtine :
-- ERA ;
-- 2003
300 ## -
-- 160 f.:
-- 20 cm.
500 ## -
-- Parathënie : f. 9
500 ## -
-- Shënime për autorin : f.160
650 #0 -
-- Bibliotekonomia
650 #0 -
-- Kultura
650 #0 -
-- Bibliotekaria
942 ## - ADDED ENTRY ELEMENTS (KOHA)
Source of classification or shelving scheme
Item type Books
Holdings
Withdrawn status Lost status Source of classification or shelving scheme Damaged status Not for loan Collection code Permanent location Current location Shelving location Date acquired Total Checkouts Full call number Barcode Date last seen Koha item type
          Koleksioni i përgjithshem UBT - Prishtine UBT - Prishtine Koleksioni i përgjithshem 10/09/2013   02:008 (091) FON 001-000069 10/09/2013 Books
UBT Library © 2015-2024. All rights reserved University Education for Business and Technology